| 000 | 00804nam0a22002531 4500 | ||
|---|---|---|---|
| 001 | RU\NLR\A1SV\152607 | ||
| 005 | 20251203171251.9 | ||
| 035 | _a(NLR Aleph) 012025127 | ||
| 090 |
_a11522029 _c11522029 |
||
| 100 | _a20190521d1920 u y0rusy50 ca | ||
| 101 | 0 | _arus | |
| 102 | _aRU | ||
| 200 | 1 |
_aЧто такое холера и как с ней бороться _fСан. упр. войск Дон. обл. |
|
| 210 |
_aРостов н/Д. _cОтд-ние Дон. полигр. отд. ДСНХ № 7 _d1920 |
||
| 215 |
_a14 с. _d17 см |
||
| 311 | _aПерепеч. с изд. Упр. сан. части 2 армии | ||
| 620 | _dРостов-на-Дону | ||
| 801 | 0 |
_aRU _bNLR _c20190521 |
|
| 899 | _aРГБ | ||
| 899 | _aРГБ | ||
| 942 | _cBOOK | ||
| 980 | _aNB | ||
| 980 | _aA1SV | ||